000 00635 a2200217 4500
999 _c9176
_d9176
020 _a9780821387092
050 _aHC59.15 WOR 2011
110 _aWorld Bank
245 _aWorld development indicators. 2011.
264 _aWashington, D.C. :
_bWorld Bank,
_c2011
300 _axxiii, 435p. :
_bill.
500 _aIncludes bibliographical references and indexes
650 _a Economic development.
650 _aEconomic indicators.
650 _aSocial indicators.
650 _aEconomic history
650 _aDeveloping countries
650 _aSocial conditions
710 _aWorld Bank
942 _2lcc
_cBK
_h59.15
_iWOR
_kHC